| 000 | 00434nam a22001457a 4500 | ||
|---|---|---|---|
| 022 | _a9694170958 | ||
| 082 |
_a621.3815 _bALT _cN-01, P-144 |
||
| 100 |
_aAltaf Mukati _941617 |
||
| 245 |
_aFault diagnosis and testing of digital circuits / _cAltaf Mukati. |
||
| 260 |
_aPakistan : _bHigher Education comission, _c2006. |
||
| 300 | _axi, 207 p. : | ||
| 526 |
_a0 _b0 _c0 _d621_381500000000000_ALT |
||
| 650 |
_aMCE _9379 |
||
| 942 |
_2ddc _cBK |
||
| 999 |
_c545677 _d545677 |
||